W których państwach odkryto te pierwiastki? - Statystyki

Ogólne statystyki
  • Ten quiz został rozwiązany 60 razy
    58 od ostatniego zresetowania
  • Średni wynik to 10 z 20
Statystyki odpowiedzi
Pierwiastki Państwa % Poprawnych
Rad Francja
84%
Fosfor Niemcy
80%
Oganeson Rosja
71%
Pluton Stany zjednoczone ameryki
69%
Siarka Chiny
62%
Neon Wielka brytania
60%
Protaktyn Polska
56%
Iryd Dania / Nowa zelandia / Włochy
55%
Ołów Włochy
55%
Tlen Polska
53%
Bar Szwecja
53%
Hel Indie
51%
Lit Szwecja
51%
Hafn Holandia
40%
Wodór Szwajcaria
40%
Wanad Meksyk
35%
Itr Finlandia
29%
Tellur Rumunia
22%
Technet Demokratyczna republika konga
9%
Platyna Kolumbia
9%
Nie znaleziono quizów pasujących do podanych kryteriów
Rozkład punktacji
Procent ludzi z każdym wynikiem
Percentyl według liczby udzielonych odpowiedzi
Twoja historia wyników
Nie rozwiązałeś tego quizu od ostatniego zresetowania